| 000 | 00496nam 22001693 4500 | ||
|---|---|---|---|
| 001 | 199626 | ||
| 090 | _a199626 | ||
| 100 | _a20251218d u||y0pory50 ba | ||
| 200 |
_aAs ilhas afortunadas _eum estudo sobre a África em transformação _fBasil Davidson |
||
| 210 |
_aLisboa _cEditorial Caminho _d21 cm |
||
| 215 |
_a245 p. _cbrochado _d21 cm |
||
| 606 |
_91246 _aPolítica |
||
| 675 |
_a32 _vPT _zpor |
||
| 700 |
_915433 _aDavisdon _bBasil |
||
| 801 |
_aPT _bBMMN _gRPC |
||
| 830 |
_cFernando _fFernando |
||
| 990 | _cLIVROS | ||